Statistics for World's Biggest Cities in 2030

Click here to take the quiz!

General Stats

  • This quiz has been taken 389 times
  • The average score is 35 of 50

Answer Stats

Pop.Urban Area% Correct
37.2 milTokyo
97%
19.9 milNew York City
95%
11.5 milLondon
93%
27.7 milBeijing
91%
36.1 milDelhi
91%
13.3 milLos Angeles
91%
30.8 milShanghai
90%
27.8 milMumbai
89%
11.8 milParis
89%
13.8 milJakarta
88%
12.2 milMoscow
87%
24.5 milCairo
86%
14.2 milRio de Janeiro
86%
23.4 milSão Paulo
86%
17.6 milGuangzhou
83%
24.2 milLagos
83%
23.9 milMexico City
83%
17.0 milBuenos Aires
81%
9.5 milChicago
81%
16.7 milIstanbul
80%
10.0 milSeoul
80%
24.8 milKarachi
79%
20.0 milOsaka
79%
16.8 milManila
77%
19.1 milKolkata
76%
10.0 milTehran
76%
11.6 milJohannesburg
75%
11.5 milBangkok
74%
27.4 milDhaka
74%
12.0 milBogotá
73%
12.2 milLima
72%
20.0 milKinshasa
68%
13.9 milChennai
67%
13.0 milLahore
67%
14.8 milBengaluru
65%
10.2 milHo Chi Minh City
64%
9.4 milKuala Lumpur
57%
12.8 milHyderabad
56%
14.7 milTianjin
55%
9.7 milBaghdad
54%
9.3 milNagoya
52%
12.7 milShenzhen
51%
9.4 milWuhan
51%
10.1 milChengdu
48%
17.4 milChongqing
42%
10.4 milLuanda
40%
9.8 milNanjing
35%
10.8 milDar es Salaam
34%
8.8 milHangzhou
33%
10.5 milAhmadabad
8%

Score Distribution

Percentile by Number Answered

Percent of People with Each Score

Your Score History

You have not taken this quiz